Diseño e implementación de un sistema de alarmas multisensoriales
Enregistré dans:
| Auteur principal: | |
|---|---|
| Autres auteurs: | |
| Format: | Livre |
| Langue: | Spanish |
| Publié: |
[San José ], Costa Rica
2017
|
| Sujets: | |
| Tags: |
Ajouter un tag
Pas de tags, Soyez le premier à ajouter un tag!
|
MARC
| LEADER | 00000nam a22000007a 4500 | ||
|---|---|---|---|
| 003 | 012676 | ||
| 005 | 20230921085935.0 | ||
| 008 | 170926b2017 cr a|||| |m|| 00| ||spa d | ||
| 040 | |c cru CEDI | ||
| 090 | |a TFG 7827 | ||
| 100 | |9 9906 |a Vargas Arrieta, Esteban | ||
| 245 | |a Diseño e implementación de un sistema de alarmas multisensoriales | ||
| 260 | |a [San José ], Costa Rica |c 2017 | ||
| 300 | |a v,37 hojas; ilustraciones | ||
| 500 | |a Proyecto de graduación (bachillerato en ingeniería eléctrica)--Universidad de Costa Rica. Facultad de Ingeniería. Escuela de Ingeniería Eléctrica | ||
| 501 | |a Profesor Guía IE-0499 Proyecto Eléctrico de Graduación: M.Sc. Fabián Abarca Calderón | ||
| 650 | |x ARDUINO (CONTROLADOR PROGRAMABLE) |x MICROCONTROLADORES - PROGRAMACION |x ALARMAS (ELECTRONICA) |x SENSORES |x DISPOSITIVOS ELECTROMECANICOS |x ELECTRONICA DIGITAL |9 9908 | ||
| 700 | |9 1071 |a Abarca Calderón, Fabián, 1986- |d Director de Proyecto Eléctrico | ||
| 942 | |c CEDI | ||
| 999 | |c 19005 |d 19005 | ||
